000 00368 a2200157 4500
001 75972
020 _a8506009421
040 _cAnchieta - Colégio São Paulo
100 _aCaselli, Giovanni
240 1 0 _aAs primeiras civilizações
_lpor
245 1 0 _aAs primeiras civilizações
300 _a48
362 0 _a1994
650 4 _aHistória do mundo
942 _cBK
999 _c75972
_d75972